Australia's Commonwealth Parliament, 1901-1988 : (Record no. 2429)

MARC details
000 -LEADER
fixed length control field 01168nam a2200301 a 4500
001 - CONTROL NUMBER
control field 2463847
003 - CONTROL NUMBER IDENTIFIER
control field OSt
005 - DATE AND TIME OF LATEST TRANSACTION
control field 20230623102835.0
008 - FIXED-LENGTH DATA ELEMENTS--GENERAL INFORMATION
fixed length control field 891214s1989 at b 001 0 eng
010 ## - LIBRARY OF CONGRESS CONTROL NUMBER
LC control number 89216751
020 ## - INTERNATIONAL STANDARD BOOK NUMBER
International Standard Book Number 0522843832
040 ## - CATALOGING SOURCE
Original cataloging agency DLC
Transcribing agency DLC
043 ## - GEOGRAPHIC AREA CODE
Geographic area code u-at---
082 00 - DEWEY DECIMAL CLASSIFICATION NUMBER
Classification number 328.94
Item number REI
100 1# - MAIN ENTRY--PERSONAL NAME
Personal name Reid, G. S.
Fuller form of name (Gordon Stanley),
Dates associated with a name 1923-
245 10 - TITLE STATEMENT
Title Australia's Commonwealth Parliament, 1901-1988 :
Remainder of title ten perspectives /
Statement of responsibility, etc. G.S. Reid and Martyn Forrest.
260 ## - PUBLICATION, DISTRIBUTION, ETC. (IMPRINT)
Place of publication, distribution, etc. Carlton, Vic. :
Name of publisher, distributor, etc. Melbourne University Press ;
Place of publication, distribution, etc. Portland, Or. :
Name of publisher, distributor, etc. International Specialized Book Services,
Date of publication, distribution, etc. 1989.
300 ## - PHYSICAL DESCRIPTION
Extent xii, 572 p. ;
Dimensions 26 cm.
440 #0 - SERIES STATEMENT/ADDED ENTRY--TITLE
Title Commonwealth Parliament bicentenary publication
504 ## - BIBLIOGRAPHY, ETC. NOTE
Bibliography, etc Includes bibliographical references (p. 534-557) and index.
610 10 - SUBJECT ADDED ENTRY--CORPORATE NAME
Corporate name or jurisdiction name as entry element Australia.
Subordinate unit Parliament
General subdivision Powers and duties
-- History.
610 10 - SUBJECT ADDED ENTRY--CORPORATE NAME
Corporate name or jurisdiction name as entry element Australia.
Subordinate unit Parliament
General subdivision Rules and practice
-- History.
650 #0 - SUBJECT ADDED ENTRY--TOPICAL TERM
Topical term or geographic name as entry element Legislative bodies
Geographic subdivision Australia
General subdivision History.
700 1# - ADDED ENTRY--PERSONAL NAME
Personal name Forrest, Martyn.
906 ## - LOCAL DATA ELEMENT F, LDF (RLIN)
a 7
b cbc
c orignew
d 2
e ncip
f 19
g y-gencatlg
942 ## - ADDED ENTRY ELEMENTS (KOHA)
Source of classification or shelving scheme Dewey Decimal Classification
Koha item type Books
Holdings
Withdrawn status Lost status Source of classification or shelving scheme Damaged status Not for loan Home library Current library Date acquired Total Checkouts Full call number Barcode Date last seen Price effective from Koha item type
    Dewey Decimal Classification     County Hall Archives County Hall Archives 06/23/2023   328.94 REI 10001169 06/23/2023 06/23/2023 Books
LIBRARY OPENING HOURS

When the Parliament is sitting: 8.00a.m - 7.00p.m or until the house adjourns
Mondays and Fridays and when the House is on Recess:  8.00a.m - 5.00p.m
Closed on Weekends and Public Holidays

Online Public Access Catalog (OPAC)
Website: http://www.parliament.go.ke
Bunge Library: https://libraryir.parliament.go.ke
Contact: library@parliament.go.ke | Tel no: (254-2)2221291 or 2848000 Ext 5043